Statistiques concernant Culture Générale #1

Cliquez ici pour prendre le quiz!

Statistiques générales

  • Ce quiz a été pris 92 fois
  • Le résultat moyen est 6 sur 16

Statistiques - réponses

HintRéponse% Correct
En quelle année le Titanic a-t-il coulé ?1912
88%
Quelle est la planète la plus chaude du système solaire ?Vénus
79%
Sous quel autre nom est aussi connu l'acide désoxyribonucléique ?ADN
64%
Quelle est la capitale du Sierra leone ?Freetown
51%
De quel royaume Alexandre le grand était-il roi ?Macédoine
46%
Quel pays a remporté l'euro 2004 ?Grèce
45%
Qui a écrit "le vieille homme et la mer" ?Hemingway
36%
Combien y'a-t-il d'os dans le corps humain ?206
33%
En quelle année la loi pour l'abolition de l'esclavage est elle adoptée ?1848
30%
C'est en 1521 aux philippines que je décède, qui suis-je ?Magellan
30%
Quel nom donne-t-on à l'échelle d'évaluation des piments ?Échelle de Scoville
29%
Qui fût le premier président de la IVème république ?Vincent Auriol
24%
Quel élément compose la corne des rhinocéros ?Kératine
23%
Quel est le nom de l'élément chimique de numéro atomique 18 ?Argon
8%
Qui est le père de la géographie ?Ératosthène
1%
Quel grand pianiste d'origine ukrainienne était surnommé "Satan au clavier" ?Vladimir Horowitz
0%

Distribution des résultats

Percentile par nombre de réponses

% des personnes avec chaque résultat

Votre développement - résultats

Vous n’avez pas pris ce quiz